000 00279nam a22001217a 4500
008 170529b xxu||||| |||| 00| 0 eng d
041 _aeng
080 _25TH
_a621.38
100 _a26
101 _aIM
245 _aTHE LEE COMPANY ELECTRO-FLUIDIC SYSTEMS
_cLEE
942 _2udc
_cBK
999 _c14890
_d14890